1597 1132 1437 1288 1302 1152 1071 1468 1019 1559 1923 1585 1879 1303 1297 1310 1736 1503 1239 1290 1000 1043 1165 1285 1057 1394 1288 1109 1771 1642 1926 1963 1395 1835 1257 1177 1568 1330 1732 1918 1460 1770 1291 1916 1292 1130 1509 1880 1559 1539 1839 1074 1937 1140 1019 1458 1370 1228 1107 1723 1701 1617 1947 1114 1211 1322 1368 1457 1801 1973 1656 1301 1659 1687 1673 1165 1263 1583 1279 1716 1350 1541 1434 1023 1596 1055 1427 1278 1885 1852 1375 1931 1799 1850 1211 1569 1602 1280 1108 BCNSPRNW ULIB Ver.6.0+V

เปลี่ยนเป็นภาษาไทย

Change to English
 แสดงรายละเอียดบรรณานุกรม
  กลับหน้าหลัก

Brief Record : Get Marc (ISO 2709) : E-mail record : QR code < ปิดหน้าต่าง
LEADER : 00000nam 2200000uu 4500
001    13399112671
003     ULIB
008    110214s2548||||th 000 0 tha d
020    9749756584(ล.2)
050  4 K245.T5^bส719ค ล.2 2548
110 1  มหาวิทยาลัยสุโขทัยธรรมาธิราช^bสาขาวิชานิติศาสตร์
245 00 เอกสารการสอนชุดวิชา ความรู้เบื้องต้นเกี่ยวกับกฎหมายทั่วไป 8-15=^bGeneral princiles of law /^cสาขาวิชานิติศาสตร์ มหาวิทยาลัยสุโขทัยธรรมาธิราช
246 31 General princiles of law
250    พิมพ์ครั้งที่ 2
260    นนทบุรี:^bศูนย์หนังสือมหาวิทยาลัยสุโขทัยธรรมาธิราช,^c2548
300    324 หน้า
650  7 กฎหมาย
945    ^p0^l0^i018543
995    ทศพร
999 ^a ใช้งานได้ทุกระบบ
รายการนี้ยังไม่มีแท็ก
คุณยังไม่ได้ล็อกอิน คุณสามารถมีกิจกรรมร่วมกับเว็บไซต์ได้ แต่ต้องล็อกอินก่อน ::
  ล็อกอิน

รายการสื่อสารสนเทศ

ลำดับที่ ประเภท เลขเรียก/บาร์โค้ด สถานที่ สถานะ
- ไม่พบข้อมูล -

รายการใกล้เคียง
    หัวเรื่อง [กฎหมาย]

BibComment


ยังไม่เคยถูกคอมเมนท์

คอมเมนท์ทรัพยากรรายการนี้
  คอมเมนท์: เอกสารการสอนชุดวิ..


 Copyright 2026. Bcnsprnw @Library